Silent War in Nicaragua /
Պահպանված է:
| Հիմնական հեղինակ: | |
|---|---|
| Ձևաչափ: | Տեքստ |
| Խորագրեր: | |
| Ցուցիչներ: |
Ավելացրեք ցուցիչ
Չկան պիտակներ, Եղեք առաջինը, ով նշում է այս գրառումը!
|
MARC
| LEADER | 00000 a a2200000 04500 | ||
|---|---|---|---|
| 001 | 9940 | ||
| 003 | |||
| 040 | |||
| 100 | |a Rogers, Tim | ||
| 245 | |a Silent War in Nicaragua / |c Tim Rogers | ||
| 650 | |a GUERRILLEROS | ||
| 650 | |a GUERRA | ||
| 650 | |a VIOLENCIA | ||
| 650 | |a MILITARISMO | ||
| 650 | |a ARMAMENTISMO | ||
| 650 | |a ARMAS | ||
| 773 | |g volumen 34, número 4; páginas 11-15 | ||
| 999 | |c 36794 |d 36794 | ||
